00443cam a22001217a 4500008004000000082001700040245008100057260006700138300001000205650002700215650002900242700005000271180718b1966 xxu||||| |||| 00| 0 eng d aY26x54 N213d aDemand for energy in Indiacby National Council of Applied Economic Research aNew DelhibNational Council of Applied Economic Researchc1966 a234p. aElectric Power - India aEnergy Resources - India aNational Council of Applied Economic Research